Normal view
MARC view
- تأليف: الحسبان، احمد عبد ربه واخروون... ؛ تحرير رافع حقي
Entry Personal Name
001 - CONTROL NUMBER
- control field: 57369
003 - CONTROL NUMBER IDENTIFIER
- control field: JO-AjAnu
005 - DATE AND TIME OF LATEST TRANSACTION
- control field: 20230606083408.0
008 - FIXED-LENGTH DATA ELEMENTS
- fixed length control field: 230606|| aca||aabn | a|a d
040 ## - CATALOGING SOURCE
- Original cataloging agency: JO-AjAnu
- Transcribing agency: JO-AjAnu
100 ## - HEADING--PERSONAL NAME
- Personal name: تأليف: الحسبان، احمد عبد ربه واخروون... ؛ تحرير رافع حقي
670 ## - SOURCE DATA FOUND
- Source citation: Work cat.: (JO-AjAnu)29270: تأليف: الحسبان، احمد عبد ربه واخروون... ؛ تحرير رافع حقي, author, مشروع تيوننج الشرق الاوسط وشمال افريقيا: نقاط مرجعية لتصميم وتقديم برامج جامعية في هندسة العمارة